[Event "Bayern-chI Bank Hofmann 23rd"]
[Site "Tegernsee"]
[Date "2019.10.30"]
[Round "5"]
[White "Konik, Michael"]
[Black "Forchert, Martin"]
[Result "1/2-1/2"]
[WhiteElo "2126"]
[BlackElo "2335"]
[PlyCount "54"]
[EventDate "2019.10.26"]
[EventType "swiss"]
[EventRounds "9"]
[EventCountry "GER"]
[SourceTitle "CBM 192 Extra"]
[Source "Chessbase"]
[SourceDate "2019.11.06"]
[SourceVersion "1"]
[SourceVersionDate "2019.11.06"]
[SourceQuality "1"]

1. e4 Nf6 2. Nc3 d5 3. e5 Nfd7 4. f4 c5 5. Nf3 Nc6 6. d4 cxd4 7. Nxd4 Nxd4 8. Qxd4 e6 9. Qf2 f6 10. Be3 Bb4 11. Bd3 0-0 12. Qh4 f5 13. Qxd8 Rxd8 14. 0-0 Nc5 15. Nb5 Nxd3 16. cxd3 Bd7 17. Nd4 b6 18. Kf2 Rac8 19. Rfc1 Kf7 20. Rxc8 Rxc8 21. Rc1 Rxc1 22. Bxc1 h6 23. Ke2 Be7 24. Bd2 g5 25. g3 Bc5 26. Nb3 Be7 27. Nd4 Bc5 1/2-1/2

[Event "Bayern-chI Bank Hofmann 22nd"]
[Site "Tegernsee"]
[Date "2018.10.31"]
[Round "5"]
[White "Konik, Michael"]
[Black "Zuse, Peter"]
[Result "1-0"]
[WhiteElo "2083"]
[BlackElo "2234"]
[PlyCount "87"]
[EventDate "2018.10.27"]
[EventType "swiss"]
[EventRounds "9"]
[EventCountry "GER"]
[SourceTitle "CBM 187 Extra"]
[Source "ChessBase"]
[SourceDate "2018.11.04"]
[SourceVersion "1"]
[SourceVersionDate "2018.11.04"]
[SourceQuality "1"]

1. e4 c5 2. Nc3 d6 3. f4 Nc6 4. Nf3 e6 5. g4 Be7 6. g5 Qb6 7. d3 Bd7 8. Bd2 Nd4 9. Bg2 Bd8 10. Ne2 Ne7 11. Nexd4 cxd4 12. 0-0 Qxb2 13. Rb1 Qxa2 14. c4 Qa4 15. Qe2 Bb6 16. Kh1 Qc6 17. e5 Qc8 18. exd6 Nc6 19. f5 Bc5 20. Bf4 Nd8 21. Be5 Rg8 22. Nxd4 Bxd4 23. Bxd4 Bc6 24. Bd5 Qd7 25. Kg1 Qxd6 26. fxe6 fxe6 27. Qh5+ Kd7 28. Qxh7 Re8 29. Bxc6+ Qxc6 30. Qxg7+ Re7 31. Qh8 b6 32. Qh3 Kc7 33. Qg3+ Kb7 34. g6 e5 35. Bxe5 Ne6 36. Rf7 Rxf7 37. gxf7 Rf8 38. Rf1 Nd8 39. Qg7 Qc5+ 40. d4 Qe7 41. Qg2+ Nc6 42. Rf6 Qd7 43. Qf3 a5 44. Bd6 1-0

[Event "Bayern-chI Bank Hofmann 22nd"]
[Site "Tegernsee"]
[Date "2018.10.30"]
[Round "4"]
[White "Lederle, Vitus"]
[Black "Konik, Michael"]
[Result "1/2-1/2"]
[WhiteElo "2190"]
[BlackElo "2083"]
[PlyCount "127"]
[EventDate "2018.10.27"]
[EventType "swiss"]
[EventRounds "9"]
[EventCountry "GER"]
[SourceTitle "CBM 187 Extra"]
[Source "ChessBase"]
[SourceDate "2018.11.04"]
[SourceVersion "1"]
[SourceVersionDate "2018.11.04"]
[SourceQuality "1"]

1. e4 d5 2. exd5 Qxd5 3. Nf3 Nf6 4. d4 Bg4 5. Be2 e6 6. c4 Qd7 7. 0-0 Nc6 8. Be3 Rd8 9. Qb3 Be7 10. Nc3 0-0 11. Ne5 Nxe5 12. dxe5 Bxe2 13. exf6 Bxf1 14. fxe7 Qxe7 15. Rxf1 c5 16. Ne4 b6 17. Re1 Rd7 18. Qc2 h6 19. h3 Qh4 20. Nd2 Rfd8 21. Nf3 Qf6 22. Bd2 Rd3 23. Bc3 Qf4 24. Be5 Qf5 25. Qe2 Qh5 26. Bc3 Qf5 27. Ne5 R3d6 28. Kh2 h5 29. Qe3 f6 30. Nf3 Kf7 31. h4 Rd3 32. Qe4 Qxe4 33. Rxe4 Rd1 34. Re2 R1d3 35. Nd2 R8d7 36. Ne4 Rd8 37. Ng3 g6 38. Ne4 e5 39. f4 exf4 40. Bxf6 R8d7 41. Bc3 Re7 42. Ng5+ Ke8 43. Rf2 f3 44. Rxf3 Rxf3 45. Nxf3 Re4 46. g3 Rxc4 47. Ne5 Ra4 48. a3 b5 49. Nxg6 a5 50. Nf4 b4 51. axb4 axb4 52. Bh8 Kf7 53. Nxh5 Ra8 54. Be5 Ke6 55. Bg7 Kf7 56. g4 c4 57. Bf6 Ra6 58. Be5 Re6 59. Bh8 Rh6 60. Bd4 Rd6 61. Be3 Re6 62. Bd4 Rd6 63. Bh8 Rh6 64. Bd4 1/2-1/2

[Event "Heusenstamm Sparkassen op-A 4th"]
[Site "Heusenstamm"]
[Date "2017.11.24"]
[Round "3"]
[White "Marchese, Gaspare"]
[Black "Konik, Michael"]
[Result "0-1"]
[WhiteElo "1899"]
[BlackElo "2085"]
[PlyCount "80"]
[EventDate "2017.11.23"]
[EventType "swiss"]
[EventRounds "7"]
[EventCountry "GER"]
[SourceTitle "EXT 2019"]
[Source "ChessBase"]
[SourceDate "2018.10.10"]
[SourceVersion "1"]
[SourceVersionDate "2018.10.10"]
[SourceQuality "1"]

1. e4 d5 2. exd5 Qxd5 3. Nc3 Qa5 4. d4 Nf6 5. Nf3 c6 6. Bd2 Bf5 7. Bc4 e6 8. Qe2 Bb4 9. 0-0 Nbd7 10. a3 Bxc3 11. Bxc3 Qc7 12. Bd3 Bg4 13. h3 Bh5 14. Bd2 0-0 15. c4 Rfe8 16. Qd1 Rad8 17. Be2 e5 18. d5 cxd5 19. cxd5 Nxd5 20. Rc1 Qb6 21. Qa4 Nc5 22. Rxc5 Qxc5 23. Rc1 Qe7 24. Bb5 Rf8 25. Qe4 Bxf3 26. Qxf3 e4 27. Qg3 Qd6 28. Qb3 a6 29. Be2 Nf4 30. Bxf4 Qxf4 31. Rc4 b5 32. Rc2 g6 33. g3 Qe5 34. Bg4 Rd3 35. Qb4 e3 36. f4 Qd4 37. Qxd4 Rxd4 38. Be2 Rd2 39. Rxd2 exd2 40. Bd1 Re8 0-1

[Event "Bayern-chI Bank Hofmann 21st"]
[Site "Tegernsee"]
[Date "2017.10.28"]
[Round "1"]
[White "Kniest, Oliver"]
[Black "Konik, Michael"]
[Result "1/2-1/2"]
[WhiteElo "2300"]
[BlackElo "2085"]
[PlyCount "82"]
[EventDate "2017.10.28"]
[EventType "swiss"]
[EventRounds "9"]
[EventCountry "GER"]
[SourceTitle "EXT 2019"]
[Source "ChessBase"]
[SourceDate "2018.10.10"]
[SourceVersion "1"]
[SourceVersionDate "2018.10.10"]
[SourceQuality "1"]

1. d4 d5 2. c4 c6 3. Nf3 Nf6 4. Nbd2 e6 5. e3 Nbd7 6. b3 Be7 7. Bd3 0-0 8. 0-0 b6 9. Bb2 Bb7 10. Qe2 c5 11. Rac1 a5 12. Rfd1 a4 13. Bb1 Qb8 14. Ne5 Nxe5 15. dxe5 Nd7 16. f4 f5 17. exf6 Nxf6 18. Nf3 axb3 19. axb3 Ra7 20. Ng5 Bd6 21. Qd3 d4 22. Nxh7 Ne4 23. Nxf8 Qxf8 24. Rf1 Qf6 25. Rce1 Qh4 26. Bc1 Nf6 27. exd4 cxd4 28. Qg3 Qxg3 29. hxg3 Bc5 30. Bd3 Ng4 31. Rxe6 Ra2 32. Be4 Bxe4 33. Rxe4 d3+ 34. Kh1 d2 35. Bxd2 Rxd2 36. Re8+ Kf7 37. Rb8 Nf2+ 38. Kh2 Ng4+ 39. Kh3 Nf2+ 40. Kh2 Ng4+ 41. Kh3 Nf2+ 1/2-1/2

[Event "Heusenstamm Sparkassen op-A 3rd"]
[Site "Heusenstamm"]
[Date "2016.11.27"]
[Round "7"]
[White "Erdmann, Stefan"]
[Black "Konik, Michael"]
[Result "1/2-1/2"]
[WhiteElo "2155"]
[BlackElo "2049"]
[PlyCount "33"]
[EventDate "2016.11.24"]
[EventType "swiss"]
[EventRounds "7"]
[EventCountry "GER"]
[SourceTitle "EXT 2018"]
[Source "ChessBase"]
[SourceDate "2017.10.13"]
[SourceVersion "1"]
[SourceVersionDate "2017.10.13"]
[SourceQuality "1"]

1. d4 d5 2. c4 e6 3. Nf3 Nf6 4. g3 c6 5. Qc2 Nbd7 6. Bg2 Be7 7. 0-0 0-0 8. Nbd2 b6 9. e4 dxc4 10. Nxc4 Ba6 11. Re1 Rc8 12. Qa4 Bb5 13. Qb3 a5 14. a4 Ba6 15. Bg5 h6 16. Bxf6 Nxf6 17. Ne3 1/2-1/2

[Event "Heusenstamm Sparkassen op-A 3rd"]
[Site "Heusenstamm"]
[Date "2016.11.27"]
[Round "6"]
[White "Konik, Michael"]
[Black "Paskalutsa, Vladimir"]
[Result "1-0"]
[WhiteElo "2049"]
[BlackElo "1868"]
[PlyCount "103"]
[EventDate "2016.11.24"]
[EventType "swiss"]
[EventRounds "7"]
[EventCountry "GER"]
[SourceTitle "EXT 2018"]
[Source "ChessBase"]
[SourceDate "2017.10.13"]
[SourceVersion "1"]
[SourceVersionDate "2017.10.13"]
[SourceQuality "1"]

1. e4 e5 2. Nf3 Nc6 3. Bc4 Nf6 4. d3 Bc5 5. 0-0 0-0 6. c3 Bb6 7. Bg5 h6 8. Bh4 d6 9. a4 Be6 10. Nbd2 Ne7 11. Bxf6 gxf6 12. a5 Bxa5 13. Rxa5 c6 14. Ra1 d5 15. Bb3 Kh7 16. d4 Ng6 17. Bc2 dxe4 18. Nxe4 f5 19. Nc5 e4 20. Nxe6 fxe6 21. Ne5 Nf4 22. g3 Rg8 23. Kh1 Nd5 24. Qh5 Rg7 25. Rfe1 Qb6 26. Nc4 Qb5 27. Qe2 a5 28. Ba4 Qa6 29. Bb3 Qb5 30. Ra3 b6 31. Ba4 Qa6 32. Bxc6 Rc8 33. Bxd5 exd5 34. Ne3 Qb7 35. Nxf5 Rg6 36. Ne3 Qd7 37. Kg2 a4 38. f4 b5 39. Rf1 Rb8 40. Qd1 Ra6 41. Qg4 Qf7 42. Qf5+ Qxf5 43. Nxf5 b4 44. cxb4 Rxb4 45. Rf2 Rf6 46. g4 Rxf5 47. gxf5 Rxd4 48. Rg3 Rb4 49. f6 d4 50. Rg7+ Kh8 51. Rc2 Rb8 52. Rcc7 1-0

[Event "Heusenstamm Sparkassen op-A 3rd"]
[Site "Heusenstamm"]
[Date "2016.11.25"]
[Round "2"]
[White "Konik, Michael"]
[Black "Solonar, Stefan"]
[Result "0-1"]
[WhiteElo "2049"]
[BlackElo "2325"]
[PlyCount "54"]
[EventDate "2016.11.24"]
[EventType "swiss"]
[EventRounds "7"]
[EventCountry "GER"]
[SourceTitle "EXT 2018"]
[Source "ChessBase"]
[SourceDate "2017.10.13"]
[SourceVersion "1"]
[SourceVersionDate "2017.10.13"]
[SourceQuality "1"]

1. e4 c5 2. Nc3 Nc6 3. f4 g6 4. Nf3 Bg7 5. Bb5 Nd4 6. 0-0 a6 7. Bd3 d6 8. Nxd4 cxd4 9. Ne2 Nf6 10. Qe1 0-0 11. a4 e5 12. Qh4 Bd7 13. b3 Bc6 14. fxe5 dxe5 15. Ba3 Re8 16. Bc4 b5 17. Bxf7+ Kxf7 18. Rxf6+ Qxf6 19. Rf1 Qxf1+ 20. Kxf1 bxa4 21. bxa4 Bxa4 22. c4 Rab8 23. Ng3 Rb1+ 24. Kf2 Re6 25. Qxh7 Rf6+ 26. Nf5 gxf5 27. exf5 Rh6 0-1

[Event "Hofheim Spring op-A 4th"]
[Site "Hofheim"]
[Date "2016.03.30"]
[Round "2"]
[White "Leck, Jakob"]
[Black "Konik, Michael"]
[Result "1-0"]
[WhiteElo "1975"]
[BlackElo "2071"]
[PlyCount "120"]
[EventDate "2016.03.29"]
[EventType "swiss"]
[EventRounds "9"]
[EventCountry "GER"]
[SourceTitle "CBM 171 Extra"]
[Source "ChessBase"]
[SourceDate "2016.04.26"]
[SourceVersion "1"]
[SourceVersionDate "2016.04.26"]
[SourceQuality "1"]

1. e4 d5 2. exd5 Nf6 3. d4 Bg4 4. Be2 Bxe2 5. Qxe2 Qxd5 6. Nf3 Nc6 7. c3 e6 8. Nbd2 Be7 9. b3 0-0 10. 0-0 Rfe8 11. Bb2 Qh5 12. Rfe1 Rad8 13. Nc4 Nd5 14. Rad1 Bf6 15. Nfe5 Qxe2 16. Rxe2 Nxe5 17. Nxe5 c5 18. Nf3 cxd4 19. Nxd4 e5 20. Rde1 Nf4 21. Re3 Re7 22. Nf5 Red7 23. Ba3 Rd2 24. Re4 Rxa2 25. Be7 Bxe7 26. Nxe7+ Kf8 27. Nf5 f6 28. g3 Nh3+ 29. Kg2 Nxf2 30. R4e2 Rdd2 31. Kxf2 Rac2 32. Rxd2 Rxd2+ 33. Re2 Rd3 34. Re3 Rd2+ 35. Re2 Rd3 36. Rc2 g6 37. Ne3 f5 38. Ke2 e4 39. h4 Kg7 40. b4 h6 41. Rd2 Rxc3 42. Rd7+ Kf8 43. Rxb7 Ra3 44. b5 Ra2+ 45. Kd1 Ra3 46. Kd2 Rd3+ 47. Ke2 Ra3 48. h5 gxh5 49. Nxf5 Rf3 50. Nd6 Rxg3 51. Nxe4 Rb3 52. Nd6 h4 53. Kf2 h3 54. Kg1 Ra3 55. Kh2 a5 56. Rf7+ Kg8 57. b6 Rb3 58. b7 a4 59. Rc7 a3 60. Rc8+ Kg7 1-0

[Event "Hofheim Spring op-A 4th"]
[Site "Hofheim"]
[Date "2016.03.29"]
[Round "1"]
[White "Konik, Michael"]
[Black "Pap, Misa"]
[Result "0-1"]
[WhiteElo "2071"]
[BlackElo "2480"]
[PlyCount "86"]
[EventDate "2016.03.29"]
[EventType "swiss"]
[EventRounds "9"]
[EventCountry "GER"]
[SourceTitle "CBM 171 Extra"]
[Source "ChessBase"]
[SourceDate "2016.04.26"]
[SourceVersion "1"]
[SourceVersionDate "2016.04.26"]
[SourceQuality "1"]

1. e4 c5 2. Nc3 Nc6 3. f4 g6 4. Nf3 Bg7 5. Bc4 e6 6. f5 Nge7 7. fxe6 dxe6 8. d3 0-0 9. Bg5 h6 10. Be3 Nd4 11. 0-0 Nec6 12. Ne2 Na5 13. Bb3 b6 14. Qd2 Kh7 15. Rae1 Nxe2+ 16. Rxe2 Ba6 17. c4 Nc6 18. Ref2 f5 19. e5 Qc7 20. d4 Rad8 21. Bg5 hxg5 22. Nxg5+ Kg8 23. Nxe6 Qe7 24. Nxf8 Bxf8 25. d5 Nxe5 26. Re1 Qf6 27. Qc3 Ng4 28. Qxf6 Nxf6 29. Rfe2 Kf7 30. h3 Bd6 31. Re6 Bc8 32. R6e2 Ne4 33. Bc2 Ng3 34. Re3 f4 35. Ra3 a6 36. Rb3 b5 37. Bd3 b4 38. Bb1 Nf5 39. Rf3 Nd4 40. Rff1 g5 41. Bd3 Kf6 42. b3 a5 43. Bb1 Bd7 0-1

[Event "Heusenstamm Sparkassen op-A 2nd"]
[Site "Heusenstamm"]
[Date "2015.11.29"]
[Round "6"]
[White "Kube, Jens"]
[Black "Konik, Michael"]
[Result "0-1"]
[WhiteElo "1890"]
[BlackElo "2049"]
[PlyCount "38"]
[EventDate "2015.11.26"]
[EventType "swiss"]
[EventRounds "7"]
[EventCountry "GER"]
[SourceTitle "EXT 2018"]
[Source "ChessBase"]
[SourceDate "2017.10.13"]
[SourceVersion "1"]
[SourceVersionDate "2017.10.13"]
[SourceQuality "1"]

1. e4 d5 2. exd5 Nf6 3. Nc3 Nxd5 4. Bc4 Nb6 5. Bb3 g6 6. d4 Bg7 7. Be3 Nc6 8. Nf3 0-0 9. Qd2 Bg4 10. 0-0-0 e5 11. d5 Nd4 12. Bxd4 exd4 13. Nb5 Bxf3 14. gxf3 c5 15. dxc6 bxc6 16. Nxd4 c5 17. Bxf7+ Rxf7 18. Ne6 Qxd2+ 19. Rxd2 Bh6 0-1

[Event "Heusenstamm Sparkassen op-A 2nd"]
[Site "Heusenstamm"]
[Date "2015.11.27"]
[Round "3"]
[White "Berner, Manfred"]
[Black "Konik, Michael"]
[Result "0-1"]
[WhiteElo "1761"]
[BlackElo "2049"]
[PlyCount "116"]
[EventDate "2015.11.26"]
[EventType "swiss"]
[EventRounds "7"]
[EventCountry "GER"]
[SourceTitle "EXT 2018"]
[Source "ChessBase"]
[SourceDate "2017.10.13"]
[SourceVersion "1"]
[SourceVersionDate "2017.10.13"]
[SourceQuality "1"]

1. e4 d5 2. exd5 Nf6 3. Nc3 Nxd5 4. Nxd5 Qxd5 5. Qf3 Qa5 6. Bc4 e6 7. Qb3 Qe5+ 8. Ne2 Nc6 9. c3 Bd6 10. d4 Qf6 11. Ng3 Qg6 12. Qb5 Bd7 13. Qg5 Ne7 14. 0-0 Bc6 15. Bb5 0-0-0 16. Bxc6 Nxc6 17. b4 Qd3 18. Qe3 Qc4 19. Bd2 e5 20. dxe5 Bxe5 21. b5 Qxb5 22. Rab1 Qd3 23. Ne4 f5 24. Nc5 Qxd2 25. Qf3 Qf4 26. Qxf4 Bxf4 27. Ne6 Be5 28. Nxd8 Rxd8 29. Rb3 b6 30. g3 Rd3 31. Rc1 f4 32. Rc2 f3 33. Rc1 Na5 34. Rb4 Bxc3 35. Re4 Bf6 36. Re3 Rxe3 37. fxe3 c5 38. Kf2 c4 39. Kxf3 c3 40. Ke4 Nc4 41. Kd3 Nxe3 42. h4 Nd5 43. Ke4 Nb4 44. a3 Nc6 45. g4 h6 46. g5 hxg5 47. hxg5 Bxg5 48. Rxc3 Kd7 49. Rd3+ Kc7 50. Rc3 Bf6 51. Rc2 Kd6 52. Rd2+ Nd4 53. Rd3 Kc5 54. Rc3+ Kb5 55. Kd5 Ka4 56. Rc7 a5 57. Rb7 b5 58. Kc5 Kxa3 0-1

[Event "Rhein Main op-A 18th"]
[Site "Bad Homburg"]
[Date "2015.06.06"]
[Round "6"]
[White "Haase, Reinhard"]
[Black "Konik, Michael"]
[Result "1/2-1/2"]
[WhiteElo "2147"]
[BlackElo "2049"]
[PlyCount "30"]
[EventDate "2015.06.03"]
[EventType "swiss"]
[EventRounds "7"]
[EventCountry "GER"]
[SourceTitle "CBM 167 Extra"]
[Source "ChessBase"]
[SourceDate "2015.09.14"]
[SourceVersion "1"]
[SourceVersionDate "2015.09.14"]
[SourceQuality "1"]

1. d4 d5 2. c4 c6 3. Nc3 Nf6 4. cxd5 Nxd5 5. e4 Nxc3 6. bxc3 e5 7. Bc4 exd4 8. Qxd4 Qxd4 9. cxd4 Bb4+ 10. Bd2 Bxd2+ 11. Kxd2 0-0 12. Ne2 Nd7 13. Ke3 Re8 14. f3 Nb6 15. Bb3 Be6 1/2-1/2

[Event "Rhein Main op-A 18th"]
[Site "Bad Homburg"]
[Date "2015.06.04"]
[Round "3"]
[White "Konik, Michael"]
[Black "Wolf, Ulrich Martin"]
[Result "0-1"]
[WhiteElo "2049"]
[BlackElo "2178"]
[PlyCount "54"]
[EventDate "2015.06.03"]
[EventType "swiss"]
[EventRounds "7"]
[EventCountry "GER"]
[SourceTitle "CBM 167 Extra"]
[Source "ChessBase"]
[SourceDate "2015.09.14"]
[SourceVersion "1"]
[SourceVersionDate "2015.09.14"]
[SourceQuality "1"]

1. e4 c5 2. Nc3 Nc6 3. Bb5 Nf6 4. Bxc6 dxc6 5. d3 e5 6. f4 exf4 7. Bxf4 Be7 8. Nf3 Be6 9. 0-0 c4 10. Kh1 Qa5 11. Qe2 cxd3 12. cxd3 Rd8 13. Rac1 0-0 14. d4 Bg4 15. d5 cxd5 16. Nxd5 Nxd5 17. exd5 Bd6 18. Bxd6 Rxd6 19. Qe7 Rd7 20. Qc5 Rxd5 21. Qc4 Bxf3 22. Rxf3 Rd2 23. Qf4 Qd5 24. h3 Rxb2 25. Rc7 Rxa2 26. Rg3 Ra6 27. Rf3 Rf6 0-1

[Event "Main Vogelsberg op 10th"]
[Site "Hanau"]
[Date "2015.05.25"]
[Round "6"]
[White "Diez, Gerhard"]
[Black "Konik, Michael"]
[Result "0-1"]
[WhiteElo "1910"]
[BlackElo "2007"]
[PlyCount "92"]
[EventDate "2015.05.22"]
[EventType "swiss"]
[EventRounds "7"]
[EventCountry "GER"]
[SourceTitle "EXT 2016"]
[Source "ChessBase"]
[SourceDate "2015.10.08"]
[SourceVersion "1"]
[SourceVersionDate "2015.10.08"]
[SourceQuality "1"]

1. e4 d5 2. exd5 Qxd5 3. Nc3 Qa5 4. Nf3 Nf6 5. Be2 Bf5 6. b4 Qb6 7. a4 e6 8. a5 Qd6 9. b5 a6 10. Bb2 Be7 11. Ra4 c6 12. bxa6 Nxa6 13. 0-0 0-0 14. d3 Rfd8 15. Qa1 Nc5 16. Ra2 Bf8 17. Na4 Nfd7 18. Ne5 Rxa5 19. Nc4 Qc7 20. Nxa5 Qxa5 21. Nxc5 Qxc5 22. Bf3 b5 23. Bd4 Qd6 24. Ra6 Rc8 25. Rb1 b4 26. g3 e5 27. Be3 Nf6 28. Ra5 Nd5 29. Bc5 Qe6 30. Bxf8 Rxf8 31. Ra8 g6 32. Bxd5 Qxd5 33. Rxb4 Bh3 34. Re4 f5 35. Qa3 c5 36. Rxf8+ Kxf8 37. Qa7 fxe4 38. Qxh7 Bf5 39. Qh6+ Ke8 40. g4 exd3 41. gxf5 d2 42. Qxg6+ Kd7 43. Qh7+ Kc6 44. Qg6+ Kc7 45. Qg7+ Kb6 46. Qh6+ Ka5 0-1

[Event "Regionalliga NW 1415"]
[Site "Bayern"]
[Date "2015.04.12"]
[Round "9.2"]
[White "Reissner, Andreas"]
[Black "Konik, Michael"]
[Result "1/2-1/2"]
[WhiteElo "2018"]
[BlackElo "2018"]
[PlyCount "42"]
[EventDate "2014.10.19"]
[EventType "team-tourn"]
[EventRounds "9"]
[EventCountry "GER"]
[SourceTitle "EXT 2018"]
[Source "ChessBase"]
[SourceDate "2017.10.13"]
[SourceVersion "1"]
[SourceVersionDate "2017.10.13"]
[SourceQuality "1"]
[WhiteTeam "Marktleuthen"]
[BlackTeam "Mainaschaff"]
[WhiteTeamCountry "GER"]
[BlackTeamCountry "GER"]

1. e4 d5 2. exd5 Qxd5 3. d4 Nf6 4. c4 Qe4+ 5. Ne2 e5 6. Nbc3 Bb4 7. f3 Bxc3+ 8. bxc3 Qh4+ 9. g3 Qh5 10. Bg2 0-0 11. 0-0 Re8 12. g4 Qh4 13. dxe5 Rxe5 14. Qd8+ Re8 15. Qxc7 Na6 16. Qg3 Qxg3 17. Nxg3 Be6 18. Ba3 Bxc4 19. Rfe1 Nc7 20. g5 Nfd5 21. Ne4 b5 1/2-1/2

[Event "Regionalliga NW 1415"]
[Site "Bayern"]
[Date "2014.10.19"]
[Round "1.2"]
[White "Konik, Michael"]
[Black "Shashkin, Igor"]
[Result "0-1"]
[WhiteElo "2018"]
[BlackElo "2056"]
[PlyCount "92"]
[EventDate "2014.10.19"]
[EventType "team-tourn"]
[EventRounds "9"]
[EventCountry "GER"]
[SourceTitle "EXT 2018"]
[Source "ChessBase"]
[SourceDate "2017.10.13"]
[SourceVersion "1"]
[SourceVersionDate "2017.10.13"]
[SourceQuality "1"]
[WhiteTeam "Mainaschaff"]
[BlackTeam "Hof PTSV"]
[WhiteTeamCountry "GER"]
[BlackTeamCountry "GER"]

1. e4 c5 2. Nf3 g6 3. c3 Bg7 4. d3 Nf6 5. Be3 d6 6. Nbd2 0-0 7. Be2 Nc6 8. a4 b6 9. 0-0 d5 10. Rc1 Bb7 11. h3 Qd6 12. Qb3 Rad8 13. Rfd1 Qb8 14. Nh2 Qa8 15. Ng4 Nxg4 16. hxg4 d4 17. Bf4 dxc3 18. bxc3 Rd7 19. Nc4 Ba6 20. Ne3 Qd8 21. Qc2 Ne5 22. c4 Nc6 23. Qd2 Bb7 24. Bg3 Nb4 25. Nd5 Nc6 26. Qg5 Nd4 27. Bf1 h6 28. Qh4 Bc6 29. a5 Nb3 30. Rb1 Nxa5 31. g5 hxg5 32. Qxg5 e6 33. Qxd8 Rfxd8 34. Ne3 Bd4 35. Ng4 f5 36. exf5 exf5 37. Ne5 Bxe5 38. Bxe5 Nxc4 39. Bf6 Rf8 40. Bc3 Na3 41. Ra1 Nb5 42. Be5 Nd4 43. Rab1 Re8 44. f4 g5 45. Re1 Rde7 46. g3 Nf3+ 0-1

[Event "Karl Mala Memorial op-A 17th"]
[Site "Frankfurt"]
[Date "2014.08.02"]
[Round "5"]
[White "Konik, Michael"]
[Black "Zucker, Stefan"]
[Result "1-0"]
[WhiteElo "2063"]
[BlackElo "1916"]
[PlyCount "73"]
[EventDate "2014.07.31"]
[EventType "swiss"]
[EventRounds "7"]
[EventCountry "GER"]
[SourceTitle "EXT 2015"]
[Source "ChessBase"]
[SourceDate "2014.11.20"]
[SourceVersion "1"]
[SourceVersionDate "2014.11.20"]
[SourceQuality "1"]

1. e4 Nf6 2. Nc3 d5 3. d4 dxe4 4. Bg5 c6 5. f3 e3 6. Bxe3 Bf5 7. Bc4 h6 8. Nge2 e6 9. Ng3 Bg6 10. 0-0 Bd6 11. Nce4 Bc7 12. Qe1 0-0 13. Nxf6+ Qxf6 14. Ne4 Qe7 15. Rd1 Re8 16. Bf2 Nd7 17. c3 Nb6 18. Bb3 a5 19. Bh4 Qf8 20. a3 a4 21. Ba2 Nd5 22. c4 Nf4 23. Bg3 Ba5 24. Qe3 e5 25. dxe5 Nh5 26. f4 Bxe4 27. Qxe4 Nxg3 28. hxg3 Bb6+ 29. Kh2 f5 30. Qf3 Bc5 31. g4 Rad8 32. Bb1 Bd4 33. gxf5 Bxb2 34. Qg4 Rd4 35. Rxd4 Bxd4 36. f6 g5 37. Qh5 1-0

[Event "Karl Mala Memorial op-A 17th"]
[Site "Frankfurt"]
[Date "2014.08.01"]
[Round "3"]
[White "Konik, Michael"]
[Black "Thomas, Tobias"]
[Result "1/2-1/2"]
[WhiteElo "2063"]
[BlackElo "1773"]
[PlyCount "85"]
[EventDate "2014.07.31"]
[EventType "swiss"]
[EventRounds "7"]
[EventCountry "GER"]
[SourceTitle "EXT 2015"]
[Source "ChessBase"]
[SourceDate "2014.11.20"]
[SourceVersion "1"]
[SourceVersionDate "2014.11.20"]
[SourceQuality "1"]

1. e4 c5 2. Nf3 Nc6 3. Bb5 e6 4. 0-0 Nf6 5. Re1 Be7 6. c3 d5 7. e5 Nd7 8. d4 0-0 9. Na3 cxd4 10. cxd4 f6 11. exf6 Nxf6 12. Nc2 Bd6 13. Bd3 Qc7 14. Ne3 e5 15. dxe5 Nxe5 16. Nxe5 Bxe5 17. h3 Be6 18. Re2 Nh5 19. Nf1 Rae8 20. Bb5 Re7 21. Be3 Nf6 22. Rc1 Qb8 23. Bc5 Bd6 24. Bd4 Ne4 25. Nd2 Bh2+ 26. Kh1 Nxd2 27. Qxd2 Bf4 28. Qb4 Bxc1 29. Qxe7 Bf7 30. Be5 Qc8 31. Bd3 Bh6 32. Rc2 Qe8 33. Bd6 Qxe7 34. Bxe7 Rb8 35. Bd6 Ra8 36. Rc7 b6 37. Bxh7+ Kxh7 38. Rxf7 Rd8 39. Be5 d4 40. f4 d3 41. Bc3 d2 42. Bxd2 Rxd2 43. g3 1/2-1/2

[Event "Karl Mala Memorial op-A 16th"]
[Site "Frankfurt"]
[Date "2013.07.12"]
[Round "2"]
[White "Konik, Michael"]
[Black "Berkes, Alexander"]
[Result "0-1"]
[WhiteElo "2072"]
[BlackElo "1826"]
[PlyCount "68"]
[EventDate "2013.07.11"]
[EventType "swiss"]
[EventRounds "7"]
[EventCountry "GER"]
[SourceTitle "EXT 2014"]
[Source "ChessBase"]
[SourceDate "2013.11.20"]
[SourceVersion "1"]
[SourceVersionDate "2013.11.20"]
[SourceQuality "1"]

1. e4 e6 2. b3 d5 3. Bb2 dxe4 4. Nc3 Nf6 5. Qe2 Bb4 6. 0-0-0 Bxc3 7. dxc3 Qe7 8. g4 h6 9. Bg2 Bd7 10. h4 Bc6 11. Nh3 Nbd7 12. g5 hxg5 13. hxg5 Nd5 14. c4 Nb4 15. a3 Na6 16. b4 Ba4 17. Bxe4 0-0-0 18. Bxg7 Rxh3 19. Rxh3 Qxg5+ 20. Qe3 Qxg7 21. Qxa7 c6 22. Rhd3 Qa1+ 23. Kd2 Qa2 24. b5 Bxc2 25. bxa6 Bxd3+ 26. Kxd3 Nc5+ 27. Ke3 Qxa3+ 28. Kf4 e5+ 29. Kg4 Rg8+ 30. Kh4 Rh8+ 31. Kg5 Nxe4+ 32. Kf5 Qf3+ 33. Kxe5 Re8+ 34. Kd4 Qc3# 0-1

[Event "Rhein Main op-A 16th"]
[Site "Bad Homburg"]
[Date "2013.06.01"]
[Round "6"]
[White "Faqiry, Ramat"]
[Black "Konik, Michael"]
[Result "0-1"]
[WhiteElo "1983"]
[BlackElo "2072"]
[PlyCount "74"]
[EventDate "2013.05.29"]
[EventType "swiss"]
[EventRounds "7"]
[EventCountry "GER"]
[SourceTitle "EXT 2014"]
[Source "ChessBase"]
[SourceDate "2013.11.20"]
[SourceVersion "1"]
[SourceVersionDate "2013.11.20"]
[SourceQuality "1"]

1. d4 d5 2. c4 c6 3. Nc3 e5 4. cxd5 cxd5 5. dxe5 d4 6. Ne4 Qa5+ 7. Nd2 Nc6 8. Ngf3 Bg4 9. a3 Rc8 10. Rb1 Bf5 11. b4 Bxb4 12. axb4 Nxb4 13. Rxb4 Qxb4 14. Nxd4 Qxd4 15. e4 Bxe4 16. Bb5+ Bc6 17. Bxc6+ Rxc6 18. 0-0 Ne7 19. Qb3 0-0 20. Nf3 Qb6 21. Qa2 Ng6 22. Be3 Qa6 23. Qd5 Qc4 24. Qd7 Rc7 25. Qd6 a5 26. h4 Rc6 27. Qd7 Nxh4 28. Nxh4 Qxh4 29. Qxb7 Rfc8 30. Rd1 h6 31. g3 Qh5 32. Qb3 Qxe5 33. Rd7 Qh5 34. Kg2 Rc3 35. Qb7 a4 36. Bd4 Rc1 37. f4 R8c2+ 0-1